Timtam's 10 Best Films of All Time - Statistics

General Stats
  • This quiz has been taken 16 times
  • The average score is 6 of 10
Answer Stats
Hint Answer % Correct
Trench Run, James Earl Jones, George Lucas, 1977 Star Wars
100%
Corleone 'Family', Al Pacino, Francis Ford Coppola, 1972 The Godfather
100%
"My precious", Elijah Wood, Peter Jackson, 2003 The Lord of the Rings: The Return of the King
100%
"1.21 Gigawatts?!", Michael J. Fox, Robert Zemeckis, 1985 Back to the Future
92%
"Why So Serious?", Heath Ledger, Christopher Nolan, 2008 The Dark Knight
83%
"Wakanda Forever!", Michael B. Jordan, Ryan Coogler, 2018 Black Panther
58%
"Where's my supersuit?", Craig T. Nelson, Brad Bird, 2004 The Incredibles
42%
Pilbara (Australia), Koko the dog, Kriv Stenders, 2011 Red Dog
33%
Aztec Gold, Geoffrey Rush, Gore Verbinski, 2003 Pirates of the Caribbean: The Curse of the Black Pearl
17%
The Unicorn, Andy Serkis, Steven Spielberg, 2011 The Adventures of Tintin
17%
No matching quizzes found
Score Distribution
Percent of People with Each Score
Percentile by Number Answered
Your Score History
You have not taken this quiz